MARC

LEADER 00000nam0a2200000 4500
001 319284
005 20231102003150.0
035 |a (RuTPU)RU\TPU\book\344793 
035 |a RU\TPU\book\100916 
090 |a 319284 
100 |a 20160525d1968 km y0rusy50 ca 
101 0 |a rus 
102 |a RU 
105 |a a z 001zy 
200 1 |a Борьба с коррозией в химической и нефтеперерабатывающей промышленности  |h Сб. 2  |i Неметаллические материалы  |e [сборник статей]  |f под ред. И. Я. Клинова 
210 |a Москва  |c Машиностроение  |d 1968 
215 |a 212 с.  |c ил. 
320 |a Библиогр. в конце ст. 
606 1 |a Химические машины и аппараты  |2 stltpush  |3 (RuTPU)RU\TPU\subj\73309  |9 86361 
606 1 |a Антикоррозийные работы  |2 stltpush  |3 (RuTPU)RU\TPU\subj\29214  |9 52598 
610 1 |a защитные покрытия 
610 1 |a эмалирование 
610 1 |a химическая стойкость 
610 1 |a напряжения 
610 1 |a релаксация 
610 1 |a осаждение 
610 1 |a лакокрасочные покрытия 
610 1 |a эластичные материалы 
610 1 |a герметики 
610 1 |a эпоксидные покрытия 
610 1 |a каменноугольные покрытия 
610 1 |a пирофоры 
610 1 |a гуммирование 
610 1 |a резиновые покрытия 
610 1 |a футеровочные материалы 
610 1 |a газгольдеры 
675 |a 66.02  |v 4 
675 |a 620.197  |v 4 
702 1 |a Клинов  |b И. Я.  |4 340 
801 1 |a RU  |b 63413507  |c 20060408  |g PSBO 
801 2 |a RU  |b 63413507  |c 20171102  |g PSBO 
942 |c BK